| 000 | 00699nam a2200253Ia 4500 | ||
|---|---|---|---|
| 003 | OSt | ||
| 005 | 20221006144913.0 | ||
| 006 | a|||||r|||| 00| 0 | ||
| 007 | ta | ||
| 008 | 221006b |||||||| |||| 00| 0 eng d | ||
| 020 |
_a0674454464 _c1415.00 |
||
| 024 | _a13,132 | ||
| 037 | _cTextual | ||
| 040 |
_aEASL _cEASL _beng |
||
| 041 |
_2eng _aeng |
||
| 082 | _aV41:8-19(zM).5.N91, N2 | ||
| 100 |
_aPOLACHEK James M _9653104 |
||
| 245 | 0 | _aInner opium war | |
| 260 |
_aLondon _bCEAS _c1992 |
||
| 300 |
_a400p. _ccm. |
||
| 490 |
_v CEL _aHarvard East Asian Monographs; 151 |
||
| 942 |
_hV41:8-19(zM).5.N91, N2 _cTEXL _2CC |
||
| 999 |
_c1081218 _d1081218 |
||